000 01403cam a22003254a 4500
999 _c342260
_d342260
001 13776900
003 NUST
005 20171214172257.0
008 041109s2005 nyu 001 0 eng
010 _a 2004063596
020 _a9780060740436
040 _aDLC
_cDLC
_dDLC
042 _apcc
043 _aa-pk---
050 0 0 _aHQ1745.5.Z9
_bL333 2005
082 0 0 _a306.742095491
_bBRO
100 1 _aBrown, T. Louise,
_d1963-
_97302
245 1 4 _aThe dancing girls of Lahore :
_bselling love and hoarding dreams in Pakistan's ancient pleasure district /
_cLouise Brown.
250 _a1st ed.
260 _aNew York :
_bFourth Estate,
_c2005.
300 _aviii, 311 p. ;
_c24 cm.
500 _aIncludes index.
650 0 _aWomen
_zPakistan
_zLahore
_xSocial conditions.
_97303
650 0 _aProstitution
_zPakistan
_zLahore.
_97304
650 0 _aProstitutes
_zPakistan
_zLahore.
_97305
651 0 _aLahore (Pakistan)
_xSocial life and customs.
_93877
856 4 2 _3Publisher description
_uhttp://www.loc.gov/catdir/enhancements/fy0910/2004063596-d.html
856 4 2 _3Contributor biographical information
_uhttp://www.loc.gov/catdir/enhancements/fy0910/2004063596-b.html
906 _a7
_bcbc
_corignew
_d1
_eocip
_f20
_gy-gencatlg
942 _2ddc
_cBK